000 01507cam a2200289 a 4500
003 OSt
005 20210305134110.0
008 050406s2002 ck r 001 0 spa d
020 _a9586354520
040 _aDLC
_cCO-JMCR
_dCO-BoPUJ
041 0 _aspa
082 0 4 _a345.1 /
_bC933c
_223
100 1 _aCristancho Moyano, Juan Pablo,
_eautor
_912905
245 1 3 _aLa conciliación y mecanismos alternativos de solución de conflictos :
_bjueces de paz /
_cJuan Pablo Cristancho Moyano
250 _aSegunda edición
260 _aBogotá :
_bLibrería del Profesional,
_c2002.
300 _a403 páginas ;
_c24 cm.
500 _aIncluye índice.
505 0 _tCasos y modelos prácticos. -- Actas de conciliación (Civil, Laboral, Familia, etc.), peticiones, autos, marco tarifario, informes, registro, archivos de actas de conciliación. -- Justicia de paz, arbitramiento y amigable composición, concordancias, comentarios, jurisprudencia y legislación.
520 0 _aLa obra en su primer título, realiza un recorrido a través de Europa, Asia y América, para buscar las verdaderas raices que dierón origen a la figura jurídica de la Conciliación.
650 2 4 _aConciliación (Procedimiento civil)
_xLegislación
_zColombia
_914418
650 2 4 _aConciliación
_xAspectos jurídicos
_zColombia
_914419
650 2 4 _aSolución de conflictos
_xLegislación
_zColombia
_914420
650 2 4 _aMediación
_xLegislación
_zColombia
_914421
650 2 4 _aJueces de paz
_zColombia
_914422
942 _2ddc
_cBK
999 _c7457
_d7457